Sudden Death Car Brands - Statistics

General Stats
  • This quiz has been taken 380 times
    335 since last reset
  • The average score is 11 of 23
Answers on the Grid
Answers color-coded by a green-red scale on the quiz's grid according to % correct below.
Ford
Durango
Chevrolet
Mustang
Cybertruck
Audi
Gallium
Mercury
Cube
Cadillac
Bentley
Porsche
Altima
Acura
Ferrari
Aston Martin
Viper
Skyline
Lamborghini
Nissan
Stallion
Bugatti
GMC
Punisher
Destiny
Jeep
Spike
BMW
Subaru
Mitsubishi
Titan
Honda
Toyota
Hyundai
Buick
Boxter
Chrysler
 
Answer Stats
Answer % Correct
Ford
97%
Chevrolet
69%
Audi
56%
Ferrari
51%
Porsche
49%
Bentley
47%
Toyota
47%
BMW
46%
Cadillac
46%
Hyundai
46%
Lamborghini
46%
Mitsubishi
46%
Honda
45%
Nissan
45%
Bugatti
44%
Chrysler
44%
Subaru
44%
Aston Martin
42%
Jeep
42%
Buick
37%
GMC
36%
Acura
31%
Mercury
22%
No matching quizzes found
Score Distribution
Percent of People with Each Score
Percentile by Number Answered
Your Score History
You have not taken this quiz since the last reset